000 00268nam a2200109Ia 4500
008 190914s9999||||xx |||||||||||||| ||und||
100 _aThomas Finney
245 0 _aCalculus and Analytic Geometry
260 _aNew Delhi
_bAddision
_c2002
300 _a66
942 _cBK
999 _c9230
_d9230